000
00413nam a22001697a 4500
003
MPLRDC
005
20220104114537.0
008
210129b ||||| |||| 00| 0 eng d
082
_a
855 WSQ
100
_a
王尚勤著
245
_a
海外的中国人
_c
250
_a
一版一刷
260
_a
_b
中国友谊出版公司
_c
1985
300
_b
平
650
_a
散文;随笔、日记
942
_c
BK
_o
855 WSQ
999
_c
8311
_d
8301